000 00672nam a2200277Ia 4500
005 20260324140349.0
008 008 260324s9999 xx 000 0 eng d
020 _a9780429448959
037 _aEBOOK
040 _aCRL
040 _beng
040 _cCRL
041 _2eng
041 _aeng
084 _qCRL
100 _aPhilip Raines; Ross Brown
_91204114
245 0 _aPolicy Competition and Foreign Direct Investment in Europe
260 _bTaylor and Francis
260 _c1999
365 _a
365 _b120
856 _uhttp://www.taylorfrancis.com/books/9780429448959
942 _cEBOOK
999 _c1806114
_d1806114